New York interiors (Record no. 26075)

MARC details
000 -BAŞLIK
Sabit Uzunluktaki Kontrol Alanı 00521nam a2200193 4500
003 - KONTROL NUMARASI KİMLİĞİ
Kontrol Alanı KOHA_MİRAKIL
005 - EN SON İŞLEM TARİHİ ve ZAMANI
Kontrol Alanı 20260409104211.0
008 - SABİT UZUNLUKTAKİ VERİ ÖGELERİ - GENEL BİLGİ
Sabit Alan 260409b tu ||||| |||| 00| 0 tur d
020 ## - ISBN - ULUSLARARASI STANDART KİTAP NUMARASI
Isbn 9789401430203
040 ## - KATALOGLAMA KAYNAĞI
Özgün Kataloglama Kurumu DLC
Kataloglama Dili eng
041 ## - DİL KODU
Metin ya da ses kaydının dil kodu eng
050 0# - SINIFLAMA ve YER NUMARASI
Sınıflama Numarası NK 2011
Yer Numarası .P54 2025
100 ## - KİŞİ ADI
Yazar Adı (Kişi adı) Pless, Corynne.
245 10 - ESER ADI BİLDİRİMİ
Başlık New York interiors
260 ## - YAYIN, DAĞITIM, VB.
Yayın Yeri UK :
Yayınevi Lannoo,
Yayın Tarihi 2025.
300 ## - FİZİKSEL TANIMLAMA
Sayfa, cilt vb.sayısı 256 p.
Diğer fiziki detaylar pho.
Boyutları 28 cm
650 #0 - KONU BAŞLIĞI EK GİRİŞ - KONU TERİMİ
Konusal terim veya coğrafi ad Interior decoration -- New York (State) -- New York.
9 (RLIN) 14407
942 ## - EK GİRİŞ ÖGELERİ (KOHA)
Sınıflama Kaynağı veya Raf Düzeni Library of Congress Classification
Koha item type Books
Holdings
Geri Çekilme Durumu Kayıp Durumu Sınıflandırma Kaynağı Hasarlı Durumu Kredi için değil Kalıcı Konum Mevcut Konum Alındığı Tarih Toplam Ödünçverme Yer Numarası Demirnaş Numarası Son Görülme Tarihi Fatura Tarihi Materyal Türü
    Library of Congress Classification     Vitali Hakko Kreatif Endüstriler Kütüphanesi Vitali Hakko Kreatif Endüstriler Kütüphanesi 04/09/2026   NK 2011 .P54 2025 014459 04/09/2026 04/09/2026 Books